Catálogo
 En Linea

Cementerio de cerezas : (Registro nro. 42059)

Detalles MARC
000 -CABECERA
campo de control de longitud fija 00797nam a2200253 a 4500
001 - NÚMERO DE CONTROL
campo de control 000042570
003 - IDENTIFICADOR DEL NÚMERO DE CONTROL
campo de control DO-SdBNP
005 - FECHA Y HORA DE LA ÚLTIMA TRANSACCIÓN
campo de control 20240412074301.0
007 - CAMPO FIJO DE DESCRIPCIÓN FÍSICA--INFORMACIÓN GENERAL
campo de control de longitud fija ta
008 - DATOS DE LONGITUD FIJA--INFORMACIÓN GENERAL
campo de control de longitud fija 140128s2010 dr r 000 p spa d
020 ## - NÚMERO INTERNACIONAL ESTÁNDAR DEL LIBRO
Número Internacional Estándar del Libro 9789945469103
040 ## - FUENTE DE LA CATALOGACIÓN
Centro catalogador/agencia de origen DO-SdBNP
Lengua de catalogación spa
Centro/agencia transcriptor BNPHU
082 #4 - NÚMERO DE LA CLASIFICACIÓN DECIMAL DEWEY
Número de clasificación RD861.44
Número de documento/Ítem F363c
Número de edición 22
100 1# - ENTRADA PRINCIPAL--NOMBRE DE PERSONA
Nombre de persona Fernández, Pedro Pablo,
9 (RLIN) 8492
Fechas asociadas al nombre 1953-
245 10 - MENCIÓN DE TÍTULO
Título Cementerio de cerezas :
Resto del título selección poemas (1974-2010) /
Mención de responsabilidad, etc. Pedro Pablo Fernández.
260 ## - PUBLICACIÓN, DISTRIBUCIÓN, ETC.
Lugar de publicación, distribución, etc. Santo Domingo :
Nombre del editor, distribuidor, etc. Nacional,
Fecha de publicación, distribución, etc. 2010.
300 ## - DESCRIPCIÓN FÍSICA
Extensión 758 p. ;
Dimensiones 23 cm.
500 ## - NOTA GENERAL
Nota general Incluye datos biografícos del autor en las solapas
590 ## - NOTA LOCAL (RLIN)
Nota local Inventariado, 2018/BT
650 #4 - PUNTO DE ACCESO ADICIONAL DE MATERIA--TÉRMINO DE MATERIA
Término de materia o nombre geográfico como elemento de entrada Poesía dominicana
9 (RLIN) 66
650 #0 - PUNTO DE ACCESO ADICIONAL DE MATERIA--TÉRMINO DE MATERIA
Término de materia o nombre geográfico como elemento de entrada Literatura dominicana.
9 (RLIN) 67
910 ## - DATOS DE OPCIÓN DEL USUARIO (OCLC)
Datos de opción del usuario Validado. Control de calidad. MFF
942 ## - ELEMENTOS DE PUNTO DE ACCESO ADICIONAL (KOHA)
Fuente del sistema de clasificación o colocación Dewey Decimal Classification
Tipo de ítem Koha Libro
Existencias
Estado de retiro Estado de pérdida Fuente del sistema de clasificación o colocación Restricciones de uso No para préstamo Código de colección Localización permanente Ubicación/localización actual Ubicación en estantería Fecha de adquisición Fuente de adquisición Signatura topográfica completa Código de barras Fecha visto por última vez Número de copia Precio válido a partir de Tipo de ítem Koha Nota pública Total de préstamos
    Dewey Decimal Classification Préstamo en sala   Dominicana de Servicio Biblioteca Nacional Pedro Henríquez Ureña Biblioteca Nacional Pedro Henríquez Ureña Depósito 25.02.2014 Donación BNPHU DS RD861.44 F363c 42570-30 25.06.2020 e. 3 25.06.2020 Libro    
    Dewey Decimal Classification Excluido de préstamo   Patrimonio Dominicano Biblioteca Nacional Pedro Henríquez Ureña Biblioteca Nacional Pedro Henríquez Ureña Depósito 28.01.2014 Donación BNPHU PD RD861.44 F363c 42570-10 25.06.2020   25.06.2020 Libro    
    Dewey Decimal Classification Excluido de préstamo   Patrimonio Dominicano Biblioteca Nacional Pedro Henríquez Ureña Biblioteca Nacional Pedro Henríquez Ureña Depósito 25.02.2014 Donación BNPHU PD RD861.44 F363c 42570-20 25.06.2020 e. 2 25.06.2020 Libro    
    Dewey Decimal Classification Préstamo en sala   Dominicana de Servicio Biblioteca Nacional Pedro Henríquez Ureña Biblioteca Nacional Pedro Henríquez Ureña Depósito 23.11.2020 Donación BNPHU DS RD861.44 F363c 2021-0331 23.11.2020 e. 4 23.11.2020 Libro Donado por Célida Álvarez  
    Dewey Decimal Classification Préstamo en sala   Dominicana de Servicio Biblioteca Nacional Pedro Henríquez Ureña Biblioteca Nacional Pedro Henríquez Ureña Depósito 07.07.2022 Donación BNPHU DS RD861.44 F363c 2022-3375 07.07.2022 e.5 07.07.2022 Libro Donado por Eleonor Grimaldi Silie  

Con tecnología Koha